Statistiques concernant Pays ayant le plus de tremblements de terre

Cliquez ici pour prendre le quiz!

Statistiques générales

  • Ce quiz a été pris 8 841 fois
    (1 500 depuis la dernière actualisation)
  • Le résultat moyen est 8 sur 10

Statistiques - réponses

Pays% Correct
16Japon
99%
18Etats-Unis
94%
9Chine
93%
28Indonésie
86%
13Russie
83%
11Mexique
83%
21Chili
71%
8Philippines
68%
15Pérou
62%
10Papouasie-Nouvelle-Guinée
32%

Distribution des résultats

Percentile par nombre de réponses

% des personnes avec chaque résultat

Votre développement - résultats

Vous n’avez pas pris ce quiz depuis la dernière actualisation